SEC Schools Quiz - Statistics

General Stats
  • This quiz has been taken 215 times
  • The average score is 12 of 17
Answer Stats
Answer % Correct
University of Alabama
97%
University of Georgia
94%
University of Mississippi
92%
University of Florida
88%
Louisiana State University
86%
University of Tennessee
83%
University of Kentucky
82%
Auburn University
79%
University of South Carolina
79%
Mississippi State University
75%
Vanderbilt University
75%
University of Missouri
74%
Texas A&M University
73%
University of Arkansas
72%
Georgia Tech
30%
Tulane University
16%
Sewanee: The University of the South
13%
No matching quizzes found
Score Distribution
Percent of People with Each Score
Percentile by Number Answered
Your Score History
You have not taken this quiz